000 01479nam a2200241Ia 4500
003 OSt
005 20210610114854.0
008 210310s1992 ck ad gr 000 0 spa d
040 _aCO-JMCR
_cCO-JMCR
041 0 _aspa
082 0 4 _a333.7932 /
_bC764r
_223
110 1 _aColombia.
_bContraloría General de la República
_938305
245 1 0 _aEl racionamiento eléctrico 1992 :
_bantecedentes, causas y responsabilidades /
_cContraloría General de la República
260 _aBogotá :
_bContraloría General de la República,
_c1992
300 _a334 páginas :
_bilustraciones y gráficas a color ;
_c24 cm.
500 _aIncluye notas a pie de página. "Informe del Contralor General de la República presentado al señor Presidente de la República, al honorable Congreso de la República y al Procurador General de la Nación"--Portada
504 _aBibliografía: páginas 325-334
505 0 _aConclusiones y responsabilidades -- La estructura institucional del sector eléctrico y el Proyecto de Ley Eléctrica -- El sector eléctrico: su evolución y su situación financiera -- Las causas del racionamiento -- Las empresas de energía: su visión del racionamiento y de sus responsabilidades -- Evaluación CGR y asignación de responsabilidades
650 1 4 _aConsumo de energía eléctrica
_916061
_zColombia
650 2 4 _aUtilidades eléctricas
_zColombia
_938306
650 2 4 _aEmpresas eléctricas
_xPolítica gubernamental
_zColombia
_938307
942 _2ddc
_cBK
999 _c8005
_d8005